Una visita a las obras del Canal de Panamá / (Record no. 164632)

MARC details
000 -LEADER
campo de control de longitud fija 00915nam a2200229 i 4500
001 - NÚMERO DE CONTROL
campo de control 164632
003 - IDENTIFICADOR DE NÚMERO DE CONTROL
campo de control ES-MaACL
005 - FECHA Y HORA DE LA ÚLTIMA TRANSACCIÓN
campo de control 20230906212955.0
008 - DATOS DE LONGITUD FIJA--INFORMACIÓN GENERAL
campo de control de longitud fija 950206s1886 sp abc |||| | spa d
040 ## - FUENTE DE CATALOGACIÓN
Centro catalogador/agencia de origen CARM
Lengua de catalogación spa
Centro/agencia transcriptor CCPB | PA2
080 ## - NÚMERO DE LA CLASIFICACIÓN DECIMAL UNIVERSAL
Número de la Clasificación Decimal Universal 626.9(265.159)
100 1# - ENTRADA PRINCIPAL--NOMBRE DE PERSONA
Nombre de persona Sanchiz y Basadre, Eliseo.
9 (RLIN) 132396
245 14 - MENCIÓN DEL TÍTULO
Título Una visita a las obras del Canal de Panamá /
Mención de responsabilidad, etc. por Eliseo Sanchiz y Basadre.
260 ## - PUBLICACIÓN, DISTRIBUCIÓN, ETC.
Lugar de publicación, distribución, etc. Madrid :
Nombre del editor, distribuidor, etc. [s.n.],
Fecha de publicación, distribución, etc. 1886 (
Fabricante Imp. de E. Maroto y Hermano)
300 ## - DESCRIPCIÓN FÍSICA
Extensión 299 p., [1] h. de lám., [1] h. de plan. pleg. ;
Dimensiones 23 cm.
530 ## - NOTA DISPONIBLE DE FORMULARIO FÍSICO ADICIONAL
Nota de formato físico adicional disponible Disponible en formato digital.
599 ## - NOTA A LAS ILUSTRACIONES
NOTA A LAS ILUSTRACIONES La h. de lám., retrato del Marqués del Campo.
599 ## - NOTA A LAS ILUSTRACIONES
NOTA A LAS ILUSTRACIONES La h. de plan. pleg. col., trazado del Canal de Panamá.
651 #4 - PUNTO DE ACCESO ADICIONAL DE MATERIA--NOMBRE GEOGRÁFICO
Nombre geográfico Canal de Panamá.
9 (RLIN) 7941
852 ## - LOCALIZACIÓN
Ubicación ES-MaACL
Número de control de estantería G-11446
Nota libre - Enc. piel
856 ## - LOCALIZACIÓN Y ACCESO ELECTRÓNICOS
Identificador Uniforme de Recursos <a href="http://bdh-rd.bne.es/viewer.vm?id=0000056780&page=1 ">http://bdh-rd.bne.es/viewer.vm?id=0000056780&page=1 </a>
Nota pública Biblioteca Digital Hispánica
Holdings
Estatus retirado Estado de pérdida Estado de daño No para préstamo Colección Biblioteca de origen Biblioteca actual Ubicación en estantería Fecha de adquisición Fuente de adquisición Total de préstamos Signatura topográfica completa Código de barras Visto por última vez Precio de reemplazo Tipo de ítem Koha
        Colección digital Biblioteca del Ateneo de Madrid Biblioteca del Ateneo de Madrid Sala Pecera Planta 3 17/01/2008     G-11446 1172579 23/02/2023 23/02/2023 Libro impreso antiguo